[Event "AUTO-OPEN-931"]
[Site "http://www.queenalice.com/game.php?id=318594"]
[Date "2007.12.11"]
[Round "1"]
[White "EliasJr"]
[Black "narvalto"]
[Result "0-1"]
[WhiteElo "1222"]
[BlackElo "1303"]

1. e4 e5 2. Nf3 Nf6 3. d3 Bb4+ 4. c3 Ba5 5. Qb3 O-O 6. Nxe5 d6 7. Nc4 Bb6 8. Be3
Bxe3 9. Nxe3 c5 10. Nd5 c4 0-1

[Event "AUTO-OPEN-931"]
[Site "http://www.queenalice.com/game.php?id=318597"]
[Date "2007.12.11"]
[Round "1"]
[White "narvalto"]
[Black "Alejandrito"]
[Result "0-1"]
[WhiteElo "1392"]
[BlackElo "1811"]

1. e4 e5 2. Nf3 Nc6 3. Nc3 Nf6 4. Bd3 Bc5 5. O-O d6 6. a3 Bg4 7. b4 Bb6 8. h3
Bh5 9. g4 Bxg4 10. hxg4 g5 11. b5 Ne7 12. Qe2 Nxg4 0-1

[Event "AUTO-OPEN-931"]
[Site "http://www.queenalice.com/game.php?id=318598"]
[Date "2007.12.11"]
[Round "1"]
[White "Alejandrito"]
[Black "narvalto"]
[Result "1-0"]
[WhiteElo "1813"]
[BlackElo "1392"]

1. e4 e5 2. Nf3 Nc6 3. Bc4 Nf6 4. d3 Bc5 5. Nc3 O-O 6. Bg5 a6 7. Nd5 b5 8. Bb3
h6 9. Bxh6 gxh6 10. Qd2 Nb4 11. Nxb4 1-0

[Event "Challenge"]
[Site "http://www.queenalice.com/game.php?id=319088"]
[Date "2007.12.12"]
[Round "-"]
[White "narvalto"]
[Black "spacey"]
[Result "0-1"]
[WhiteElo "1392"]
[BlackElo "1762"]

1. e4 e6 2. d4 d5 3. e5 c5 4. Be3 Qb6 5. Nh3 Qxb2 6. Nd2 cxd4 7. Rb1 Qc3 8. Bb5+
Nc6 9. Rb3 Qc5 10. Bf4 g6 11. Qe2 Bg7 12. c4 Ne7 13. Rc3 dxc3 14. Nb3 Qb4 15.
Qb2 cxb2+ 16. Ke2 Qa3 17. Rb1 Qxa2 18. Nd2 O-O 19. cxd5 Nd4+ 20. Kd3 Nxb5 21.
Kc2 Na3+ 22. Kd3 Nxb1 23. Nxb1 Qxb1+ 24. Kc3 Nxd5+ 25. Kd4 Rd8 26. Ng5 Nxf4+ 27.
Kc5 Qc2+ 28. Kb4 b1=Q+ 29. Ka5 Qca2# 0-1

[Event "Challenge"]
[Site "http://www.queenalice.com/game.php?id=319255"]
[Date "2007.12.13"]
[Round "-"]
[White "quifaiquoi"]
[Black "narvalto"]
[Result "1-0"]
[WhiteElo "2051"]
[BlackElo "1326"]

1. d4 d5 2. Nf3 Nf6 3. g3 Nc6 4. Bg2 Bg4 5. O-O Qd7 6. Re1 O-O-O 7. Ne5 Nxe5 8.
dxe5 Ne4 9. f3 Bh5 10. fxe4 dxe4 11. Qxd7+ Rxd7 12. Bxe4 g6 13. Bf4 f5 14. exf6
exf6 15. Nc3 f5 16. Bf3 Bxf3 17. exf3 1-0

[Event "AUTO-OPEN-933"]
[Site "http://www.queenalice.com/game.php?id=319622"]
[Date "2007.12.13"]
[Round "1"]
[White "RDario"]
[Black "narvalto"]
[Result "1-0"]
[WhiteElo "1841"]
[BlackElo "1303"]

1. c4 e5 2. Nc3 Bc5 3. d3 Qf6 4. Ne4 Qd6 5. Nxd6+ cxd6 6. a3 Nf6 7. Bg5 Nh5 8.
e4 Bd4 9. Qxh5 g6 10. Qh4 Bxb2 11. Bd8 O-O 12. Bf6 Bxa1 13. Qh6 Re8 14. Qg7# 1-0

[Event "AUTO-OPEN-933"]
[Site "http://www.queenalice.com/game.php?id=319623"]
[Date "2007.12.13"]
[Round "1"]
[White "narvalto"]
[Black "RDario"]
[Result "0-1"]
[WhiteElo "1326"]
[BlackElo "1871"]

1. e4 c5 2. Qf3 Nc6 3. Bc4 Ne5 4. Qd3 Nxd3+ 5. Bxd3 d6 6. c4 Nf6 7. Nf3 Bg4 8.
Ng1 Qc8 9. f3 Bh5 10. g4 Bg6 11. g5 Nh5 12. Nh3 Qxh3 13. Ke2 Qg2+ 14. Ke3 Qxh1
0-1

[Event "AUTO-OPEN-933"]
[Site "http://www.queenalice.com/game.php?id=319646"]
[Date "2007.12.13"]
[Round "1"]
[White "Leodecaprio"]
[Black "narvalto"]
[Result "1-0"]
[WhiteElo "1954"]
[BlackElo "1303"]

1. e4 e5 2. Nc3 Nc6 3. Bc4 Nf6 4. d3 Bc5 5. f4 exf4 6. Bxf4 Ng4 7. Qxg4 O-O 8.
Qg3 Nd4 9. O-O-O Re8 10. Bxc7 Qe7 11. Nd5 1-0

[Event "AUTO-OPEN-933"]
[Site "http://www.queenalice.com/game.php?id=319647"]
[Date "2007.12.13"]
[Round "1"]
[White "narvalto"]
[Black "Leodecaprio"]
[Result "0-1"]
[WhiteElo "1303"]
[BlackElo "1952"]

1. e4 e5 2. Nf3 Nc6 3. Nc3 Nf6 4. d3 h6 5. g3 Bc5 6. a3 Ng4 7. Rg1 Bxf2+ 8. Ke2
Bxg1 9. Qd2 Qf6 10. b4 Nd4+ 11. Nxd4 Qf2+ 0-1

[Event "AUTO-OPEN-933"]
[Site "http://www.queenalice.com/game.php?id=319662"]
[Date "2007.12.13"]
[Round "1"]
[White "narvalto"]
[Black "animis"]
[Result "0-1"]
[WhiteElo "1264"]
[BlackElo "1954"]

1. e4 c5 2. Qf3 Nc6 3. Bc4 Nf6 4. Na3 a6 5. c3 Ne5 6. Qf4 d6 7. Qh4 g5 8. Qxg5
Nxe4 9. Qe3 d5 10. Bb3 Ng4 11. Qf4 Bh6 12. Qf3 Ne5 13. Qd1 c4 14. Ba4+ b5 15.
Bxb5+ axb5 16. Nxb5 Nd3+ 17. Ke2 Nexf2 0-1

[Event "AUTO-OPEN-933"]
[Site "http://www.queenalice.com/game.php?id=319663"]
[Date "2007.12.13"]
[Round "1"]
[White "animis"]
[Black "narvalto"]
[Result "1-0"]
[WhiteElo "1956"]
[BlackElo "1264"]

1. e4 e5 2. f4 exf4 3. Nf3 Nf6 4. e5 Ne4 5. d4 d6 6. Bd3 f5 7. Bxf4 Qe7 8. Bxe4
fxe4 9. Ng5 h5 10. Nc3 dxe5 11. dxe5 g6 12. Ncxe4 Bg4 13. Qd3 Nc6 14. Nf6+ Qxf6
15. exf6 Nb4 16. Qxg6+ Kd8 17. Nf7+ Kd7 18. Ne5+ 1-0

[Event "AUTO-OPEN-934"]
[Site "http://www.queenalice.com/game.php?id=319916"]
[Date "2007.12.14"]
[Round "1"]
[White "gdan"]
[Black "narvalto"]
[Result "1-0"]
[WhiteElo "2035"]
[BlackElo "1326"]

1. e4 e5 2. Nf3 Nf6 3. d4 exd4 4. Bc4 Nc6 5. O-O Nxe4 6. Nxd4 Ne5 7. Bd5 Ng5 8.
f4 c5 9. fxe5 cxd4 10. Bxg5 Qxg5 11. Bxf7+ Ke7 12. Qxd4 Rb8 13. Qd6+ Kd8 14.
Qxb8 1-0